[Event "ch-IND National A"]
[Site "Calicut IND"]
[Date "2003.12.09"]
[Round "9"]
[White "Neelotpal,D"]
[Black "Hariharan,V"]
[Result "1-0"]
[WhiteElo "2443"]
[BlackElo "2245"]

1.e4 e6 2.d4 d5 3.Nc3 Nf6 4.e5 Nfd7 5.f4 c5 6.Nf3 Nc6 7.Be3 a6 8.Qd2 b5 9.a3 Bb7
10.Ne2 c4 11.g4 h5 12.gxh5 Rxh5 13.Ng3 Rh8 14.f5 exf5 15.Nxf5 g6 16.Ng3 Qc7
17.Ng5 Ndxe5 18.dxe5 O-O-O 19.Bg2 Nxe5 20.O-O-O Qd7 21.Kb1 f6 22.Nf3 Ng4
23.Bd4 Bh6 24.Qc3 Bg7 25.Rde1 Qc7 26.Re2 Rde8 27.Rxe8+ Rxe8 28.Bh3 Qd7 29.Re1 Rg8
30.Qb4 f5 31.Re7 Bf8 32.Rxd7 Bxb4 33.Rf7 Bd6 34.Bxg4 fxg4 35.Ne5 Re8 36.Nxg6 a5
37.c3 b4 38.axb4 axb4 39.cxb4 Re1+ 40.Ka2 Rd1 41.Be5 Bxe5 42.Nxe5 d4 43.Nf5 Bf3
44.Nd6+ Kb8 45.Nxf3 gxf3 46.Rxf3 Rd2 47.Nxc4 Rxh2 48.Rf4 d3 49.Rd4 Rh3 50.Ne5 Kc7
51.Nxd3 Kc6 52.Kb3  1-0

[Event "21st Cairnhill Open"]
[Site "Singapore SIN"]
[Date "2003.12.12"]
[Round "7"]
[White "Maninang,R"]
[Black "Nithiananthan,J"]
[Result "0-1"]
[WhiteElo "2325"]
[BlackElo "2091"]

1.e4 e6 2.d4 d5 3.Nc3 Nf6 4.e5 Nfd7 5.Nf3 c5 6.dxc5 Nc6 7.Bf4 Bxc5 8.Bd3 f6
9.exf6 Qxf6 10.Bg5 Qf7 11.O-O O-O 12.Bh4 h6 13.Bg3 a6 14.a3 b5 15.Qd2 Nb6
16.a4 b4 17.Nd1 Qf6 18.Re1 Nd7 19.c3 Bb7 20.Bc2 g5 21.Qd3 Rf7 22.Ne3 Bxe3
23.Qxe3 e5 24.h3 e4 25.Nh2 Nce5 26.Rad1 bxc3 27.bxc3 Rc8 28.Re2 h5 29.Bb3 Rxc3
30.Qxc3 Nf3+ 31.Qxf3 exf3 32.Nxf3 h4 33.Be5 Qe7 34.Rde1 Qb4  0-1

[Event "FSIM December"]
[Site "Budapest HUN"]
[Date "2003.12.14"]
[Round "9"]
[White "Humphrey,J"]
[Black "Werner,Di"]
[Result "0-1"]
[WhiteElo "2217"]
[BlackElo "2342"]

1.e4 e6 2.d4 d5 3.Nc3 Nf6 4.e5 Nfd7 5.Nf3 a6 6.Bd3 c5 7.dxc5 Nc6 8.Bf4 Nxc5
9.O-O Be7 10.Qd2 b5 11.Ne2 Bb7 12.Ned4 Ne4 13.Qe2 Nxd4 14.Nxd4 Qb6 15.Nb3 Qc7
16.a4 b4 17.a5 Nc5 18.Nxc5 Bxc5 19.Qg4 g6 20.Bg3 Bc6 21.Rfc1 O-O 22.Re1 Bb5
23.Bh4 Rfc8 24.Bg5 Bf8 25.Bd2 Bxd3 26.cxd3 Qc2 27.Bxb4 Bxb4 28.Qxb4 Qxd3
29.Rac1 Rab8 30.Qd6 Qb5 31.h3 Rd8 32.Qa3 Qxb2 33.Qxb2 Rxb2 34.Rc6 Ra2 35.Rxa6 Rc8
36.Rf1 Rcc2 37.Ra8+ Kg7 38.a6 g5 39.a7 Rc7 40.Kh2 Raxa7 41.Rxa7 Rxa7 42.g4 Ra2
43.Kg3 Re2  0-1

[Event "24th Open"]
[Site "Bethune FRA"]
[Date "2003.12.27"]
[Round "2"]
[White "Swiercz,K"]
[Black "Span,P"]
[Result "1/2-1/2"]
[WhiteElo "2042"]
[BlackElo "2279"]

1.e4 e6 2.d4 d5 3.Nc3 Nf6 4.e5 Nfd7 5.f4 c5 6.Nf3 Nc6 7.Be3 a6 8.Qd2 b5 9.dxc5 Bxc5
10.Bxc5 Nxc5 11.Qf2 Qb6 12.Bd3 Rb8 13.O-O Nb4 14.Rfd1 Na4 15.Nxa4 Qxf2+ 16.Kxf2 bxa4
17.b3 Bd7 18.Nd4 Ke7 19.c3 Nc6 20.Bc2 Nxd4 21.Rxd4 Rhc8 22.Rd3 Rc5 23.Ke1 f6
24.Rg3 Kf7 25.Kd2 g6 26.Rh3 Rh8 27.Kd3 Kg7 28.Kd4 Rc7 29.g4 fxe5+ 30.Kxe5 Rhc8
31.Kd4 a5 32.Re1 axb3 33.axb3 a4 34.bxa4 Rc4+ 35.Ke5 Bxa4 36.Bxa4 Rxa4 37.Rb1 Re4+
38.Kd6 Rd8+ 39.Ke7 Rf8 40.Rxh7+ Kxh7 41.Kxf8 Rxf4+ 42.Ke7 Rxg4 43.Kxe6 Rc4
44.Kxd5 Rxc3 45.Ke4 Rc2 46.Rh1 Rf2 47.Ke3 Rf5 48.Ke2 Kh6 49.Rf1 Ra5 50.Kf2  1/2-1/2

[Event "North American Open"]
[Site "Las Vegas USA"]
[Date "2003.12.28"]
[Round "4"]
[White "Tischbierek,R"]
[Black "Jones,Cr"]
[Result "1-0"]
[WhiteElo "2519"]
[BlackElo "2246"]

1.e4 e6 2.d4 d5 3.Nc3 Nf6 4.e5 Nfd7 5.f4 c5 6.Nce2 Nc6 7.c3 b5 8.Nf3 b4 9.g4 bxc3
10.bxc3 cxd4 11.cxd4 Bb4+ 12.Kf2 f6 13.Kg2 O-O 14.Rb1 Ba6 15.Ng3 Qa5 16.a3 Be7
17.exf6 Nxf6 18.Bxa6 Qxa6 19.Re1 Nxg4 20.Rxe6 Rf6 21.Ng5 Rxe6 22.Nxe6 Bf6
23.Nc7 Qc8 24.Nxa8 Qxa8 25.Qa4 Bd8 26.Bd2 Ne7 27.Qa6 Qc6 28.Qxc6 Nxc6 29.Rc1 Ne7
30.Bb4 Ng6 31.Rc8  1-0

[Event "Open"]
[Site "Lilie Litomysl CZE"]
[Date "2003.12.30"]
[Round "7"]
[White "Fiser,J"]
[Black "Kastner,K"]
[Result "1-0"]
[WhiteElo "2128"]
[BlackElo "2127"]

1.e4 e6 2.d4 d5 3.Nc3 Nf6 4.e5 Nfd7 5.f4 c5 6.Nf3 Nc6 7.Be3 cxd4 8.Nxd4 a6
9.Qd2 Nxd4 10.Bxd4 f6 11.exf6 Nxf6 12.Bd3 Bd6 13.O-O O-O 14.Rae1 Qc7 15.Be5 Ng4
16.Bxd6 Qxd6 17.h3 Nf6 18.Qe3 Qb4 19.Nd1 b5 20.c3 Qa5 21.Bb1 Bd7 22.Qd4 Rac8
23.Ne3 g6 24.g4 Qc7 25.g5 Nh5 26.Ng4 Qc4 27.Nh6+  1-0

[Event "10th Open"]
[Site "Bosnjaci CRO"]
[Date "2004.01.06"]
[Round "7"]
[White "Rosic,S"]
[Black "Muslija,I"]
[Result "1-0"]
[WhiteElo "2303"]
[BlackElo "2209"]

1.e4 e6 2.d4 d5 3.Nc3 Nf6 4.e5 Nfd7 5.Nf3 c5 6.Bb5 Nc6 7.O-O Qb6 8.Be3 a6
9.Bxc6 bxc6 10.Na4 Qb5 11.Nxc5 Nxc5 12.dxc5 Bxc5 13.Bd4 Be7 14.a4 Qb7 15.b3 c5
16.Be3 h6 17.Nd2 Qb4 18.f4 O-O 19.Rf3 f5 20.Rh3 Bd7 21.Rc1 Rab8 22.c3 Qb7
23.g4 Be8 24.g5 hxg5 25.fxg5 Bg6 26.Bf4 Kf7 27.Qf3 Qa8 28.Kf2 Rh8 29.Rxh8 Rxh8
30.Kg3 Bh5 31.Qg2 a5 32.h3 Qa6 33.Qf1 Be2 34.Qf2 Qd3+ 35.Qe3 Rb8 36.Rg1 Qxe3+
37.Bxe3 Bd3 38.h4 Bc2 39.h5 Bxb3 40.g6+ Kg8 41.Rb1 c4 42.Nf3 Ra8 43.Nd4 Bxa4
44.Nxe6 Bb3 45.Nf4 a4 46.Nxd5 Bf8 47.e6 Bd6+ 48.Bf4 Bc5 49.h6 gxh6 50.Bxh6 Bd6+
51.Kf3 Rf8 52.e7  1-0

[Event "Welsh International"]
[Site "Newport WLS"]
[Date "2004.01.08"]
[Round "2"]
[White "Jones,RS"]
[Black "Cobb,C"]
[Result "1/2-1/2"]
[WhiteElo "2262"]
[BlackElo "2406"]

1.e4 e6 2.Nc3 d5 3.d4 Nf6 4.e5 Nfd7 5.Nce2 c5 6.c3 cxd4 7.cxd4 Nc6 8.f4 f5
9.Nf3 Be7 10.Be3 Nb6 11.b3 Bd7 12.Nc1 a5 13.Nd3 a4 14.Be2 axb3 15.axb3 Nb4
16.Kf2 Nxd3+ 17.Bxd3 O-O 18.Bd2 Rxa1 19.Qxa1 Qa8 20.Qa5 Qxa5 21.Bxa5 Na8
22.Ra1 Rc8 23.Bd2 Nb6 24.Ra7 Ra8 25.Rxa8+ Nxa8 26.Ne1 Kf7 27.Ke3 Ke8 28.Nc2 b6
29.Bb4 Nc7 30.Bxe7 Kxe7 31.g4 g6 32.gxf5 gxf5 33.Na3 Bc8 34.Nb5 Nxb5 35.Bxb5 Bd7
36.Be2 b5 37.b4 Kf7 38.Kf2 Kg6 39.Kg3 Kh6 40.Kh4 Bc6 41.h3 Kg7 42.Bf3  1/2-1/2

[Event "TCh-FIN 2003-4"]
[Site "Finland FIN"]
[Date "2004.01.10"]
[Round "6"]
[White "Nyysti,S"]
[Black "Penttinen,J"]
[Result "1/2-1/2"]
[WhiteElo "2399"]
[BlackElo "2295"]

1.e4 e6 2.d4 d5 3.Nc3 Nf6 4.e5 Nfd7 5.f4 c5 6.Nf3 Nc6 7.Be3 a6 8.Qd2 b5 9.dxc5 Bxc5
10.Bxc5 Nxc5 11.Qf2 Qb6 12.Bd3 Rb8 13.O-O Nb4 14.Rad1 Na4 15.Nxa4 bxa4 16.a3 Nxd3
17.cxd3 Qxb2 18.Qxb2 Rxb2 19.Rb1 Ra2 20.Rfc1 O-O 21.Rc3 Bd7 22.Rb7 Bb5 23.h4 Rb2
24.f5 Rb3 25.Rcc7 Bxd3 26.fxe6 Rxb7 27.Rxb7 fxe6 28.Re7 Bf5 29.Ra7 Bd3  1/2-1/2

[Event "CXSP"]
[Site "Sao Paulo BRA"]
[Date "2004.01.11"]
[Round "6"]
[White "Caldeira,A"]
[Black "Valiente,C"]
[Result "1/2-1/2"]
[WhiteElo "2355"]
[BlackElo "2332"]

1.e4 e6 2.d4 d5 3.Nc3 Nf6 4.e5 Nfd7 5.f4 c5 6.Nf3 Nc6 7.Be3 a6 8.h4 cxd4
9.Nxd4 Bc5 10.Qd2 Nxd4 11.Bxd4 Bxd4 12.Qxd4 Qb6 13.Qxb6 Nxb6 14.Bd3 Bd7 15.Ne2 h5
16.Nd4 g6 17.O-O-O Rc8 18.b3 Ke7 19.Be2 Bc6 20.g4  1/2-1/2

[Event "ch-Kiev"]
[Site "Kiev UKR"]
[Date "2004.01.17"]
[Round "2"]
[White "Taborov,B"]
[Black "Kalinkin,B"]
[Result "1-0"]
[WhiteElo "2425"]
[BlackElo "2213"]

1.e4 e6 2.d4 d5 3.Nc3 Nf6 4.e5 Nfd7 5.Nf3 c5 6.dxc5 Bxc5 7.Bd3 Nc6 8.Qe2 a6
9.O-O Nd4 10.Nxd4 Bxd4 11.Bf4 h5 12.h3 Nc5 13.Rad1 Bd7 14.Rfe1 Rc8 15.Nb1 Qh4
16.Qf3 Bxb2 17.c3 Ba4 18.Rd2 Nxd3 19.Rxd3 Bc2 20.Rd2 Bxb1 21.Rxb2 Be4 22.Qe3 Qe7
23.Qa7 O-O 24.Rxb7 Qa3 25.Re3 Qxa2 26.Rg3 h4 27.Rg4 Rxc3 28.Rxh4 Bf5 29.Be3 Qa1+
30.Kh2 Rd3 31.Rb8 Qa3 32.Rhb4 Kh7 33.Rxf8 Qxb4 34.Qxf7  1-0

[Event "1st WinTV Open"]
[Site "Chennai IND"]
[Date "2004.01.22"]
[Round "3"]
[White "Visweswaran,K"]
[Black "Palaniappan,A"]
[Result "1-0"]
[WhiteElo "2325"]
[BlackElo "2088"]

1.e4 e6 2.d4 d5 3.Nc3 Nf6 4.e5 Nfd7 5.f4 c5 6.Nf3 Nc6 7.Be3 a6 8.Qd2 Be7
9.Be2 c4 10.O-O b5 11.f5 Bb4 12.fxe6 fxe6 13.Ng5 Bxc3 14.bxc3 Qe7 15.Rf7 Qxf7
16.Nxf7 Kxf7 17.Bh5+ g6 18.Rf1+ Ke8 19.Bg4 Nd8 20.Bg5 Nb6 21.Qf2 Ra7 22.Bxd8  1-0

[Event "TCh-FRA Nat1 GpB"]
[Site "Clichy FRA"]
[Date "2004.01.30"]
[Round "1"]
[White "Apicella,M"]
[Black "Moracchini,F"]
[Result "1-0"]
[WhiteElo "2540"]
[BlackElo "2284"]

1.e4 e6 2.d4 d5 3.Nc3 Nf6 4.e5 Nfd7 5.f4 c5 6.Nf3 Nc6 7.Be3 cxd4 8.Nxd4 Bc5
9.Qd2 Bxd4 10.Bxd4 Nxd4 11.Qxd4 Qb6 12.Qxb6 Nxb6 13.Nb5 Ke7 14.O-O-O Bd7
15.Nd4 h5 16.Bd3 Nc4 17.Bxc4 dxc4 18.Rd2 g6 19.Rhd1 Rhd8 20.g3 Be8 21.Nf3 Rdc8
22.Rd6 Bc6 23.Ng5 Bd5 24.Nh7 Rd8 25.Rxd8 Rxd8 26.Nf6 b5 27.c3 a5 28.a3 Kf8
29.Rd4 Ke7 30.Kd2 Kf8 31.Ke3 Ke7 32.h4 a4 33.Rd2 Kf8 34.f5 Ke7 35.Kf4 Kf8
36.Kg5 Kg7 37.Rd4 gxf5 38.Nxh5+ Kf8 39.Kf6 Rc8 40.Nf4 Bc6 41.Rd6 Kg8 42.Nh3  1-0

[Event "TCh-FRA Nat1 GpB"]
[Site "Clichy FRA"]
[Date "2004.02.01"]
[Round "3"]
[White "Froeyman,H"]
[Black "Komarov,D"]
[Result "0-1"]
[WhiteElo "2308"]
[BlackElo "2566"]

1.e4 e6 2.d4 d5 3.Nc3 Nf6 4.e5 Nfd7 5.f4 c5 6.Nf3 a6 7.Be3 Qb6 8.a3 Nc6 9.Be2 Qa7
10.Qd2 b5 11.O-O cxd4 12.Nxd4 Bc5 13.Rad1 Bb7 14.Bf3 Nxd4 15.Bxd4 Bxd4+ 16.Qxd4 Qxd4+
17.Rxd4 Rc8 18.Be2 Nb8 19.Rd2 Nc6 20.Bd3 Ke7 21.Ne2 g5 22.g3 h5 23.fxg5 h4
24.Rf4 h3 25.g6 fxg6 26.Bxg6 Nxe5 27.Bd3 Rhf8 28.Nd4 Nxd3 29.cxd3 Rc1+ 30.Kf2 Rh1
31.Rxf8 Kxf8 32.Kf3 e5 33.Ne6+ Ke7 34.Ng5 Bc8 35.g4 Rg1 36.Nxh3 Bxg4+ 37.Kf2 Rc1  0-1

[Event "Scheveningen"]
[Site "Monte Carlo MNC"]
[Date "2004.02.03"]
[Round "2"]
[White "Libiszewski,F"]
[Black "Gentilleau,JP"]
[Result "1-0"]
[WhiteElo "2451"]
[BlackElo "2267"]

1.e4 e6 2.d4 d5 3.Nc3 Nf6 4.e5 Nfd7 5.f4 c5 6.Nf3 Nc6 7.Ne2 Qb6 8.c3 Be7
9.a3 f6 10.h4 O-O 11.Rh3 cxd4 12.cxd4 a5 13.b3 Qa7 14.Ra2 b5 15.Nc3 b4 16.Nb5 Qb6
17.a4 Ba6 18.Be3 Rac8 19.Bd3 f5 20.Ng5 Nd8 21.Qh5 h6 22.Qg6 hxg5 23.hxg5 Rc3
24.Rh7 Rf7 25.Qh5  1-0

[Event "FSIM February"]
[Site "Budapest HUN"]
[Date "2004.02.13"]
[Round "7"]
[White "Steiner,B"]
[Black "Pap,G"]
[Result "0-1"]
[WhiteElo "2254"]
[BlackElo "2226"]

1.e4 e6 2.d4 d5 3.Nc3 Nf6 4.e5 Nfd7 5.f4 c5 6.Nf3 Nc6 7.Be3 a6 8.Qd2 b5 9.Be2 Qb6
10.O-O cxd4 11.Nxd4 Bc5 12.Rad1 Bb7 13.Bf3 Rc8 14.Qf2 Nxd4 15.Bxd4 Bxd4 16.Rxd4 O-O
17.Rfd1 b4 18.Na4 Qa5 19.b3 Bc6 20.f5 Nxe5 21.f6 Bxa4 22.bxa4 Qc5 23.Kh1 Qxc2
24.Qg3 Ng6 25.h4 e5 26.Rxd5 e4 27.Bg4 Rc3 28.Qd6 Rc6 29.Qxb4 gxf6 30.Bf5 Nf4
31.Bxe4 Qf2 32.R5d2 Qxh4+ 33.Kg1 Re6 34.Bxh7+ Kg7 35.Qa3 Re1+ 36.Rxe1 Qxe1+
37.Kh2 Qxd2  0-1

[Event "II GM-Tage"]
[Site "Pulvermuehle GER"]
[Date "2004.02.22"]
[Round "4"]
[White "Baramidze,D"]
[Black "Stellwagen,D"]
[Result "1-0"]
[WhiteElo "2456"]
[BlackElo "2489"]

1.e4 e6 2.d4 d5 3.Nc3 Nf6 4.e5 Nfd7 5.f4 c5 6.Nce2 Nc6 7.Nf3 Qb6 8.c3 Be7
9.a3 a5 10.g3 O-O 11.Bh3 f6 12.Bxe6+ Kh8 13.Bxd5 cxd4 14.e6 Nc5 15.f5 dxc3
16.bxc3 Ne5 17.Nxe5 fxe5 18.Rf1 e4 19.Be3 Qb2 20.Ra2 Nd3+ 21.Qxd3 Qxa2 22.Qxe4 Qxa3
23.Bd4 Bf6 24.Nf4 Qe7 25.Nh5 Bxd4 26.Qxd4 Bxe6 27.Bxe6 a4 28.Rf2 a3 29.Kf1 b5
30.Kg2 Ra4 31.Qe5 Raa8 32.Rd2 Ra7 33.Qd4 Raa8 34.Qe5 Ra7 35.Nf4 Qf6 36.Qxf6 gxf6
37.Ra2 Rfa8 38.Nd5 Kg7 39.Kf3 Rd8 40.Ke3 h5 41.Kd4 Ra5 42.Kc5 b4+ 43.Kxb4 Raxd5
44.Bxd5 Rxd5 45.Rxa3 Rxf5 46.Ra5 Rf2 47.Rxh5 Kg6 48.Rh4 f5 49.c4 Kf6 50.Kb5 Ke5
51.Kc6 Rc2 52.c5 Rc1 53.Rh5 Ke6 54.Rh6+ Ke5 55.Kb6  1-0

[Event "5th Montenegro Open"]
[Site "Sozina SCG"]
[Date "2004.02.26"]
[Round "9"]
[White "Guid,M"]
[Black "Perunovic,Mio"]
[Result "1/2-1/2"]
[WhiteElo "2239"]
[BlackElo "2356"]

1.e4 e6 2.d4 d5 3.Nc3 Nf6 4.e5 Nfd7 5.f4 c5 6.Nf3 Nc6 7.Be3 Qb6 8.Na4 Qa5+
9.c3 c4 10.b4 Qc7 11.Be2 Be7 12.O-O O-O 13.Qe1 b5 14.Nc5 Nxc5 15.dxc5 a5
16.a3 Bd7 17.Nd4 Nxd4 18.Bxd4 Ra6 19.Rf3 Rfa8 20.Rh3 g6 21.Bd1 Kg7 22.Bc2  1/2-1/2

[Event "ch-TUR"]
[Site "Kusadasi TUR"]
[Date "2004.03.01"]
[Round "4"]
[White "Erturan,Y"]
[Black "Isik,E"]
[Result "1-0"]
[WhiteElo "2273"]
[BlackElo "2077"]

1.e4 e6 2.d4 d5 3.Nc3 Nf6 4.e5 Nfd7 5.f4 c5 6.Nf3 a6 7.Be3 Nc6 8.Qd2 b5 9.Bd3 Qb6
10.dxc5 Bxc5 11.Bxc5 Qxc5 12.O-O-O b4 13.Ne2 a5 14.Kb1 Ba6 15.Bxa6 Rxa6 16.Ned4 Nxd4
17.Nxd4 O-O 18.Rhe1 Rb8 19.f5 Qe7 20.Qf4 Rab6 21.Re3 Kh8 22.Rde1 exf5 23.Nxf5 Qe6
24.Rg3 Rg8 25.Rh3 Nf8 26.Ree3 g5 27.Qf2 Rg6 28.Rhf3 Kg8 29.h4 gxh4 30.Nxh4 Rg5
31.Nf5 Rb7 32.Re1 Ng6 33.Nd4 Qg4 34.e6 f5 35.Nxf5 Qxg2 36.Qe3 Ne7 37.Nxe7+ Rxe7
38.Qf4  1-0

[Event "ch-TUR"]
[Site "Kusadasi TUR"]
[Date "2004.03.02"]
[Round "5"]
[White "Reyhan,D"]
[Black "Ozkoc,A"]
[Result "1-0"]
[WhiteElo "2213"]
[BlackElo "2008"]

1.e4 e6 2.d4 d5 3.Nc3 Nf6 4.e5 Nfd7 5.f4 c5 6.Nf3 Nc6 7.Be3 Be7 8.Qd2 cxd4
9.Nxd4 Bb4 10.Bb5 Qc7 11.O-O Nc5 12.Nxd5 Bxd2 13.Nxc7+ Kf8 14.Ndxe6+ Nxe6
15.Nxe6+ Bxe6 16.Bxd2 Nd4 17.Bb4+ Kg8 18.Bd3 Bf5 19.Bxf5 Nxf5 20.Bc5 b6 21.Bf2 h5
22.Rfd1 Rc8 23.c3 Rc7 24.Rd8+ Kh7 25.Rxh8+ Kxh8 26.Rd1 Kh7 27.Kf1 Kg6 28.Ke2 Nh6
29.Kf3 Kf5 30.h3 Ke6 31.Ke4  1-0

[Event "20th Open"]
[Site "Cappelle la Grande FRA"]
[Date "2004.03.03"]
[Round "6"]
[White "Vandevoort,P"]
[Black "Degraeve,JM"]
[Result "0-1"]
[WhiteElo "2379"]
[BlackElo "2566"]

1.d4 e6 2.e4 d5 3.Nc3 Nf6 4.e5 Nfd7 5.f4 c5 6.Nf3 a6 7.Be3 Qb6 8.a3 Nc6 9.dxc5 Bxc5
10.Na4 Qa5+ 11.b4 Qxa4 12.bxc5 O-O 13.c4 Qa5+ 14.Qd2 Rd8 15.Qxa5 Nxa5 16.cxd5 exd5
17.Rb1 Re8 18.Rd1 f6 19.Rxd5 fxe5 20.fxe5 Nf8 21.Bd3 Be6 22.Rd6 Rac8 23.Kf2 Bc4
24.Bf5 Rc7 25.Kg3 Be6 26.Bd3 h6 27.Rb1 Nd7 28.Rbb6 Nxb6 29.Rxb6 Nc6 30.h4 Bd5
31.Bg6 Rf8 32.Rb1 Ne7 33.Bd3 Nf5+ 34.Bxf5 Rxf5 35.Nd4 Rf8 36.Re1 Re7 37.Nf3 Bxf3
38.gxf3 Rxe5 39.Bf4  0-1

[Event "ch-PERw"]
[Site "Lima PER"]
[Date "2004.03.08"]
[Round "4.2"]
[White "Morales Mendoza,L"]
[Black "Zapata,K"]
[Result "1-0"]
[WhiteElo "2120"]
[BlackElo "2167"]

1.e4 e6 2.d4 d5 3.Nc3 Nf6 4.e5 Nfd7 5.Nf3 c5 6.dxc5 Bxc5 7.Bd3 Nc6 8.Bf4 f6
9.exf6 Nxf6 10.O-O O-O 11.Ne5 Ne4 12.Bxe4 Rxf4 13.Nd3 Rxe4 14.Nxe4 Be7 15.Ng3 e5
16.Re1 Qd6 17.f3 Bd7 18.Qe2 Bf6 19.c3 Be8 20.Nf5 Qd7 21.Ne3 h5 22.Rad1 Bf7
23.Nc5 Qe7 24.Qb5 d4 25.Nf5 Qc7 26.cxd4 exd4 27.Ne4 Be5 28.g3 Be6 29.Nh4 a6
30.Qc5 b6 31.Qc1 Rc8 32.Qg5 Qf7 33.Rc1 d3 34.Rxc6 Bd4+ 35.Kh1 Rxc6 36.Qd8+ Qf8
37.Qxd4 Rc2 38.Qxd3  1-0

[Event "TCh-BEL 2003-4"]
[Site "Belgium BEL"]
[Date "2004.03.09"]
[Round "10"]
[White "Swiercz,K"]
[Black "Steen,P"]
[Result "1-0"]
[WhiteElo "2054"]
[BlackElo "2091"]

1.e4 e6 2.d4 d5 3.Nc3 Nf6 4.e5 Nfd7 5.f4 c5 6.Nf3 a6 7.Be3 Qb6 8.Na4 Qa5+
9.c3 cxd4 10.b4 Qc7 11.Bxd4 Nc6 12.Be2 Nxd4 13.Qxd4 b5 14.Nb2 Bb7 15.O-O Rc8
16.Rac1 Be7 17.Kh1 O-O 18.Qe3 Qb6 19.Nd4 Nb8 20.Bd3 h6 21.Bb1 Nc6 22.Qd3 g6
23.Nxe6 Nxe5 24.fxe5 Qxe6 25.Qg3 Kh8 26.Nd3 Rc4 27.Nf4 Rxf4 28.Qxf4 Bg5 29.Qd4 Bxc1
30.Rxc1 Re8 31.Rg1 Qxe5 32.Re1  1-0

[Event "ch-PER"]
[Site "Lima PER"]
[Date "2004.03.11"]
[Round "5.1"]
[White "Esplana,C"]
[Black "Cordova,Em"]
[Result "1-0"]
[WhiteElo "2320"]
[BlackElo "2298"]

1.e4 e6 2.Nc3 d5 3.d4 Nf6 4.e5 Nfd7 5.Nf3 c5 6.dxc5 Nc6 7.Bf4 Bxc5 8.Bd3 f6
9.exf6 Nxf6 10.Qe2 Qe7 11.O-O-O Bd7 12.h4 Bd6 13.Ne5 Nxe5 14.Bxe5 Bxe5 15.Qxe5 O-O-O
16.f4 Qc5 17.Be2 Rhe8 18.Bf3 Bc6 19.Ne2 Re7 20.Nd4 Nd7 21.Qg5 h6 22.Qg3 Qd6
23.Qh2 Rf8 24.g3 e5 25.fxe5 Nxe5 26.Be2 Ref7 27.Rhf1 Rxf1 28.Rxf1 Rxf1+ 29.Bxf1 Bd7
30.Qf2 Ng4 31.Qe1 Qf6 32.c3 g5 33.hxg5 hxg5 34.Bg2 Ne5 35.Kb1 Qg6+ 36.Ka1 Qd6
37.a3 Nc4 38.Bf1 Ne5 39.Ka2 g4 40.Qe3 Nf3 41.Nxf3 gxf3 42.Qxf3 d4 43.cxd4 Be6+
44.Kb1 Qxd4 45.Qc3+ Qxc3 46.bxc3 Kc7 47.Kc2 Kd6 48.Bg2 b5 49.Bf3 Bf5+ 50.Kd2 a5
51.g4 Bg6 52.Ke3 Kc5 53.Be2 b4 54.cxb4+ axb4 55.axb4+ Kxb4 56.Bd3 Bf7 57.Kd4 Be8
58.g5 Bh5 59.Ke5 Kc5 60.Kf6 Kd6 61.Bc4 Kd7 62.Bf7 Bd1 63.g6 Bc2 64.g7 Bh7
65.Bb3 Ke8  1-0

[Event "SFch-NED"]
[Site "Leeuwarden NED"]
[Date "2004.03.16"]
[Round "3.2"]
[White "L'Ami,E"]
[Black "Visser,Y"]
[Result "1/2-1/2"]
[WhiteElo "2476"]
[BlackElo "2445"]

1.e4 e6 2.d4 d5 3.Nc3 Nf6 4.e5 Nfd7 5.f4 c5 6.Nf3 Nc6 7.Be3 Be7 8.Qd2 O-O
9.g3 b6 10.Bb5 Bb7 11.O-O cxd4 12.Nxd4 Nxd4 13.Bxd4 Nc5 14.Qe3 f5 15.exf6 Bxf6
16.b4 Ne4 17.Nxe4 dxe4 18.Rad1 Qe7 19.Bxf6 Rxf6 20.a3 Rd8 21.Rxd8+ Qxd8 22.Be2 Qc7
23.c4 e5 24.f5 Qd7 25.Rd1 Rd6 26.Rxd6 Qxd6 27.c5 Qd4 28.Kf2 bxc5 29.bxc5 Kf7
30.g4 Kf6 31.h3 h6 32.Bf1 Bc6 33.Be2 Bd5 34.Bf1 Ke7 35.h4 Kd7 36.Bb5+ Kd8
37.Qxd4 exd4 38.Kg3 Bb3 39.Kf4 e3 40.g5 hxg5+ 41.hxg5 Bd1 42.f6 gxf6 43.gxf6 e2
44.Bxe2 Bxe2 45.c6 Bh5 46.Ke4 Kc7 47.Kxd4 Kxc6 48.Kc3 Kb5 49.f7 Bxf7 50.a4+ Kxa4
51.Kb2  1/2-1/2

[Event "SFch-NED"]
[Site "Leeuwarden NED"]
[Date "2004.03.16"]
[Round "3.3"]
[White "L'Ami,E"]
[Black "Visser,Y"]
[Result "0-1"]
[WhiteElo "2476"]
[BlackElo "2445"]

1.e4 e6 2.d4 d5 3.Nc3 Nf6 4.e5 Nfd7 5.f4 c5 6.Nf3 Nc6 7.Be3 Qb6 8.Na4 Qa5+
9.c3 b6 10.Bd2 c4 11.b4 Nxb4 12.cxb4 Bxb4 13.Bxb4 Qxb4+ 14.Kf2 b5 15.Nc5 Nxc5
16.dxc5 Qxc5+ 17.Qd4 Qxd4+ 18.Nxd4 Bd7 19.Be2 Ke7 20.Rhb1 Rhb8 21.a3 a5 22.Rb2 Rb6
23.Rab1 Rab8 24.Nc2 f6 25.Ke3 fxe5 26.fxe5 Be8 27.Kd4 Bg6 28.Ra1 b4 29.axb4 Bxc2
30.Rxc2 axb4 31.Ra7+ R8b7 32.Rca2 b3 33.R2a6 Kd8 34.Rxb7 Rxb7 35.Ra1 Kd7
36.Rb1 Ra7 37.h4 Ra2 38.Bf3 Kc6 39.Bg4 Rd2+ 40.Kc3 Rxg2 41.Kd4  0-1

[Event "Copa ENTEL"]
[Site "Santiago CHI"]
[Date "2004.03.27"]
[Round "10"]
[White "Llorens,M"]
[Black "Cubas,Jo"]
[Result "1/2-1/2"]
[WhiteElo "2384"]
[BlackElo "2394"]

1.e4 e6 2.d4 d5 3.Nc3 Nf6 4.e5 Nfd7 5.f4 c5 6.Nf3 Nc6 7.Be3 a6 8.a3 b5 9.dxc5 Bxc5
10.Bxc5 Nxc5 11.b4 Nd7 12.Ne2 Qc7 13.Qd3 Nb6 14.Ned4 Nxd4 15.Qxd4 Bd7 16.Bd3 Rc8
17.O-O Na4 18.f5 exf5 19.e6 fxe6 20.Qxg7 Rf8 21.Rae1 Rf7 22.Qg8+ Ke7 23.Qg5+ Rf6
24.Ne5 Rf8 25.Qg7+ Kd8 26.Qxh7 Be8 27.Qh4 Qe7 28.Qd4 Kc8 29.Nf3 Qc7 30.Ng5 Rh6
31.Re5 Bd7 32.Qe3 Qb6 33.Qxb6 Nxb6 34.Rfe1 Rff6 35.Nf3 Kc7 36.Nd4 Nc8 37.Nb3 Ne7
38.Nc5 Bc8 39.c3 Nc6 40.R5e2 e5 41.Rxe5 Nxe5 42.Rxe5 f4 43.Re7+ Kd8 44.Re5 f3
45.Rxd5+ Kc7 46.gxf3 Rxf3 47.Rg5 Rhf6 48.h4 Rh3 49.Be2 Rxh4 50.Rg7+ Kb8 51.Rg8 Kc7
52.Rg7+ Kb8 53.Rg8 Rfh6 54.Bf3 Kc7 55.Rg7+ Kb8 56.Rg8 Kc7 57.Rg7+ Kd6 58.Kf2 a5
59.Ke3 axb4 60.axb4 Rh3 61.Ne4+ Ke5 62.Ng5 Kf6 63.Rg8 Be6 64.Nxe6 Kxe6 65.Rb8 Rf6
66.Rb6+ Ke7 67.Rxf6 Kxf6 68.Ke4 Ke7 69.Be2 Rxc3 70.Bxb5 Rb3 71.Kd5 Rxb4 72.Bc4 Rb1
73.Be2 Rb2 74.Bf3 Rf2 75.Bg4 Rg2 76.Bf3 Rg5+ 77.Ke4 Ke6 78.Bd1 Re5+ 79.Kf4 Rb5
80.Bg4+ Kf6 81.Ke4 Rb4+ 82.Kf3 Ke5 83.Bd7 Rb3+ 84.Kg4 Rb7 85.Bc6 Rc7 86.Bb5 Rf7
87.Kg3 Rf8 88.Bc6 Rb8 89.Bd7 Rb1 90.Bc6 Rg1+ 91.Kf3 Rf1+ 92.Kg4 Rf4+ 93.Kg3 Kf5
94.Bd7+ Kg5 95.Bc6 Rc4 96.Bd5 Rc3+ 97.Kf2 Kf4 98.Ke2 Ke5 99.Bf7 Kd4 100.Bg6 Rg3  1/2-1/2

[Event "Asian U18b"]
[Site "Tehran IRI"]
[Date "2004.04.07"]
[Round "6"]
[White "Ahmadinia,E"]
[Black "Hassan,Ab"]
[Result "0-1"]
[WhiteElo "2149"]
[BlackElo "2361"]

1.e4 e6 2.d4 d5 3.Nc3 Nf6 4.e5 Nfd7 5.Nce2 c5 6.c3 Nc6 7.Nf3 Qb6 8.g3 Be7
9.Bh3 cxd4 10.cxd4 O-O 11.O-O Re8 12.Nf4 Nf8 13.Nh5 Bd7 14.a3 Ng6 15.Be3 Qxb2
16.Qd3 Qb6 17.Rfb1 Qc7 18.Bg5 Bxg5 19.Nxg5 h6 20.Nf3 Na5 21.Bf1 Rec8 22.Qe3 Nc4
23.Qe1 b5 24.Bd3 Nf8 25.Nh4 Qd8 26.Qe2 Be8 27.Nf3 Qe7 28.Rb3 Na5 29.Rbb1 Rc3
30.Bxb5 Nb3 31.Bd3 Nxa1 32.Rxa1 Rb8 33.Ne1 Rbb3 34.a4 Ng6 35.h4 Qb4 36.Rd1 Bxa4  0-1

[Event "6th Foxwoods Open"]
[Site "Connecticut USA"]
[Date "2004.04.09"]
[Round "4"]
[White "Roper,D"]
[Black "Milman,L"]
[Result "0-1"]
[WhiteElo "2292"]
[BlackElo "2383"]

1.e4 e6 2.d4 d5 3.Nc3 Nf6 4.e5 Nfd7 5.f4 c5 6.Nf3 Nc6 7.Be3 cxd4 8.Nxd4 Bc5
9.Qd2 O-O 10.O-O-O a6 11.Nf3 Qc7 12.Bxc5 Nxc5 13.Qf2 b6 14.Qh4 b5 15.Kb1 b4
16.Ne2 a5 17.f5 Nxe5 18.Nf4 Ne4 19.Nd4 Qb6 20.Bb5 a4 21.Rhe1 Ra5 22.f6 Ng6
23.Nxg6 hxg6 24.Nc6 gxf6 25.Qh6 Re8 26.Rd3 e5 27.Rg3 Bf5 28.Nd4 Qxd4 29.Bxe8 a3  0-1

[Event "6th Foxwoods Open"]
[Site "Connecticut USA"]
[Date "2004.04.09"]
[Round "5"]
[White "Lewis,Ja"]
[Black "Pruess,D"]
[Result "1/2-1/2"]
[WhiteElo "2230"]
[BlackElo "2376"]

1.e4 e6 2.d4 d5 3.Nc3 Nf6 4.e5 Nfd7 5.f4 c5 6.Nf3 Nc6 7.Be3 a6 8.Qd2 b5 9.h4 Qb6
10.h5 cxd4 11.Nxd4 Bc5 12.O-O-O f6 13.exf6 Nxf6 14.Be2 O-O 15.Bg1 Bxd4 16.Bxd4 Qa5
17.Bxf6 Rxf6 18.Bf3 b4 19.Nxd5 exd5 20.Bxd5+ Kf8 21.h6 gxh6 22.f5 Bxf5 23.Rxh6 Bg6
24.Rxg6 Rxg6 25.Qf4+ Kg7 26.Qf7+ Kh8 27.Rh1 Rg7 28.Rxh7+ Rxh7 29.Qf6+  1/2-1/2

[Event "8th Neckar Open"]
[Site "Deizisau GER"]
[Date "2004.04.09"]
[Round "3"]
[White "Langheinrich,F"]
[Black "Baklan,V"]
[Result "1/2-1/2"]
[WhiteElo "2384"]
[BlackElo "2606"]

1.e4 e6 2.d4 d5 3.Nc3 Nf6 4.e5 Nfd7 5.f4 c5 6.Nf3 a6 7.Be3 Qb6 8.Na4 Qc7
9.Nxc5 Nxc5 10.dxc5 Bxc5 11.Bxc5 Qxc5 12.Qd2 Bd7 13.O-O-O Bb5 14.f5 exf5
15.Qg5 O-O 16.Qxf5 Nc6 17.Kb1 d4 18.h4 Rae8 19.Qf4 Ba4 20.Rc1 Nxe5 21.Nxd4 Bd7
22.h5 h6 23.Be2 Nc6 24.Nb3 Qe5 25.Qxe5 Nxe5 26.Rhf1 Re7 27.Rf4 Rfe8 28.Nd4 Nc6
29.Bf3 Nxd4 30.Rxd4 Bf5 31.b3 Be4 32.Bxe4 Rxe4 33.Rcd1 Re2 34.g4 Rg2 35.a4 g6  1/2-1/2

[Event "FSIM April"]
[Site "Budapest HUN"]
[Date "2004.04.11"]
[Round "9"]
[White "Gikas,B"]
[Black "Werner,Di"]
[Result "0-1"]
[WhiteElo "2271"]
[BlackElo "2362"]

1.e4 e6 2.d4 d5 3.Nc3 Nf6 4.e5 Nfd7 5.f4 a6 6.Nf3 c5 7.Be3 Nc6 8.Qd2 b5 9.dxc5 Nxc5
10.Nd4 Nxd4 11.Bxd4 b4 12.Nd1 Ne4 13.Qe3 g5 14.fxg5 h6 15.Bd3 Bb7 16.g6 fxg6
17.Nf2 h5 18.Bxe4 dxe4 19.Bb6 Bh6 20.Qh3 Qxb6  0-1